Reinserción social : estudio de caso Centro Penitenciario Femenino San Joaquín

Según el informe mensual de Gendarmería, actualmente existen 140.030 personas que son parte del régimen cerrado, abierto y postpenitenciario de la población penal a nivel nacional. La escasez de recursos es generalmente el mayor argumento para justificar la poca relevancia del trabajo integral que r...

Full description

Bibliographic Details
Main Author: Espíndola Espíndola, Margarita
Other Authors: Valeria Quilapán, Juan (profesor guía)
Format: Tesis
Language:Spanish
Published: Santiago de Chile: Universidad Academia de Humanismo Cristiano, 2019.
Subjects:
Online Access:Disponible en línea (PDF). Biblioteca Digital UAHC

MARC

LEADER 00000nmm a22000007a 4500
001 000302
003 UAHC_CL
005 20220805131120.0
008 171024s2019 cl o d 000 spa
040 |a UAHC_CL  |c UAHC_CL  |d UAHC_CL 
100 |a Espíndola Espíndola, Margarita  |9 10610 
245 1 0 |a Reinserción social :  |b estudio de caso Centro Penitenciario Femenino San Joaquín  |c Margarita Espíndola; profesor guía Juan Valeria. 
260 |a Santiago de Chile:  |b Universidad Academia de Humanismo Cristiano,  |c 2019. 
300 |a 111 páginas. 
500 |a Tesis para optar al Grado de Licenciado/a en Gobierno y Gestión Pública. Tesis para optar al Título de Administrador/a Público/a. 
502 |a Tesis (Administración Pública) --Universidad Academia de Humanismo Cristiano, 2019. 
516 |a Tesis electrónica (PDF). Solicitar envío de documento a biblioteca@academia.cl. 
520 |a Según el informe mensual de Gendarmería, actualmente existen 140.030 personas que son parte del régimen cerrado, abierto y postpenitenciario de la población penal a nivel nacional. La escasez de recursos es generalmente el mayor argumento para justificar la poca relevancia del trabajo integral que requiere la reinserción social en nuestro país, teniendo en cuenta que para esto se necesitan recursos de tipo presupuestarios, además de la coordinación de diversas instituciones, y de la voluntad política que también ha relegado este problema, el cual generalmente es mencionado en propuestas y promesas de actores políticos, que con el tiempo quedan en el olvido y no se concretan, las que además están basadas netamente en el castigo a la delincuencia. 
650 0 |9 7664  |a Establecimientos penitenciarios  |x Aspectos sociales  |z Chile 
700 |a Valeria Quilapán, Juan  |9 1671  |e profesor guía 
856 |u http://bibliotecadigital.academia.cl/xmlui/handle/123456789/5294  |y Disponible en línea (PDF). Biblioteca Digital UAHC 
900 |a TADPU 362 
942 |c TS 
952 |0 0  |1 0  |4 0  |6 TADPU_362_000000000000000  |7 0  |8 COMP  |9 93299  |a BC  |b BC  |c Digital  |d 2020-01-20  |o TADPU 362  |r 2020-01-20 00:00:00  |w 2020-01-20  |y TS  |z Documento en PDF  |B ADM 
999 |c 53010  |d 53010